000 02241nam a2200301 a 4500
001 77954
003 BD-RjUL
005 20211209083054.0
008 210222s 2008bg a|||| m||| 00| 0 ben d
035 _a(BD-RjUL)78180
040 _aBD-RjUL
_bben / eng
_cBD-RjUL
_dBD-RjUL
041 _aben
082 _a297.77095492
_bALN 2008
_223
100 _aআলী, মোহাম্মাদ
_9245048
245 1 0 _aনাটোর অঞ্চলে আরবী ও ইসলামী শিক্ষা সম্প্রসারণে আলিমদের অবদান (১৯৪৭ - ২০০০) /
_cমোহাম্মাদ আলী ;
_6তত্ত্বাবধায়ক : মুহাম্মদ. আব্দুল আজীজ খান
260 _aরাজশাহী :
_bআরবী বিভাগ, রাজশাহী বিশ্ববিদ্যালয়,
_c২০০৮
300 _av, ৩৪৯ পাতা :
_bচিএ ;
_c২৯ সেমি.
502 _aথিসিস (পিএইচ. ডি.) -- আরবী বিভাগ, রাজশাহী বিশ্ববিদ্যালয়, ২০০৮
504 _aগ্রন্থপঞ্জি : পাতা [৩৪০]- ৩৪৯
650 _aইসলামী ধর্মীয় শিক্ষা
_zবাংলাদেশ
_zনাটোর অঞ্চল
_y১৯৪৭ - ২০০০ খ্রিষ্টাব্দ
_9245091
650 _aIslamic religious education
_zBangladesh
_zNatore Area
_y1947-2000 A. D.
_9245092
650 _aশিক্ষা এবং রাষ্ট্র
_zবাংলাদেশ
_zনাটোর অঞ্চল
_y১৯৪৭ - ২০০০ খ্রিষ্টাব্দ
_9245093
650 _aEducation and state
_zBangladesh
_zNatore Area
_y1947-2000 A. D.
_9245094
650 _aমাদ্রাসা
_zবাংলাদেশ
_zনাটোর অঞ্চল
_y১৯৪৭ - ২০০০ খ্রিষ্টাব্দ
_9244449
650 _aMadrasahs
_zBangladesh
_zNatore Area
_y1947-2000 A. D.
_9119588
700 _aখান, মুহাম্মদ আব্দুল আজীজ, তত্ত্বাবধায়ক
_9245051
942 _2ddc
_cTHE
999 _c77954
_d77954